Normal view
MARC view
- IRFAN GHALIB
Entry Personal Name
001 - CONTROL NUMBER
- control field: 15943
003 - CONTROL NUMBER IDENTIFIER
- control field: NUST
005 - DATE AND TIME OF LATEST TRANSACTION
- control field: 20190628101948.0
008 - FIXED-LENGTH DATA ELEMENTS
- fixed length control field: 190628|| aca||aabn | a|a d
040 ## - CATALOGING SOURCE
- Original cataloging agency: NUST
- Transcribing agency: NUST
100 ## - HEADING--PERSONAL NAME
- Personal name: IRFAN GHALIB
670 ## - SOURCE DATA FOUND
- Source citation: Work cat.: (NUST): IRFAN GHALIB, BUSINESS PROCESS RE-DESIGN : AN EFFECTIVE SOLUTION TO THE DIMINISHING COMPETITIUENESS OF PUBLIC SECTOR INDUSTRIAL ORGANIZATIONS IN PAKISTAN /, 2012
